Nationality of Titanic passengers - Statistics

General Stats
  • This quiz has been taken 1,872 times
  • The average score is 21 of 28
Answer Stats
Passengers Survived % Country % Correct
327 15 United Kingdom
99%
306 28 United States
99%
31 58 France
95%
10 40 Germany
92%
27 33 Russia
92%
7 86 Spain
92%
120 35 Ireland
91%
10 40 Italy
90%
34 41 Canada
89%
113 24 Sweden
88%
26 31 Norway
87%
8 75 China
85%
4 0 Portugal
85%
1 0 Mexico
84%
1 100 Japan
83%
59 32 Finland
81%
24 25 Belgium
80%
1 0 Netherlands
80%
10 10 Denmark
79%
49 16 Austria
78%
11 64 Switzerland
74%
2 50 Australia
72%
4 0 Greece
69%
9 33 Turkey
67%
33 0 Bulgaria
40%
5 40 South Africa
40%
81 40 Syria
19%
3 0 Uruguay
7%
No matching quizzes found
Score Distribution
Percent of People with Each Score
Percentile by Number Answered
Your Score History
You have not taken this quiz